[Event "Heart of Finland op 20th"]
[Site "Jyvaskyla"]
[Date "2010.07.06"]
[Round "3"]
[White "Seeman, Tarvo"]
[Black "Arkhangelsky, Boris Nikolaevich"]
[Result "1-0"]
[WhiteElo "2425"]
[BlackElo "2237"]
[PlyCount "93"]
[EventDate "2010.07.05"]
[EventType "swiss"]
[EventRounds "9"]
[EventCountry "FIN"]
[SourceTitle "CBM 137 Extra"]
[Source "ChessBase"]
[SourceDate "2010.09.01"]
[SourceVersion "1"]
[SourceVersionDate "2010.09.01"]
[SourceQuality "1"]

1. Nf3 c5 2. g3 Nc6 3. Bg2 e5 4. c4 Nf6 5. 0-0 d6 6. Nc3 Be7 7. a3 0-0 8. Rb1 Bf5 9. d3 Qd7 10. b4 cxb4 11. axb4 Bh3 12. Bg5 Bxg2 13. Kxg2 Nh5 14. b5 Bxg5 15. Nxg5 Ne7 16. e3 g6 17. f4 f6 18. Nge4 f5 19. Ng5 h6 20. Nf3 Qc7 21. Qb3 Rf7 22. b6 axb6 23. fxe5 dxe5 24. Qxb6 Nc6 25. Qxc7 Rxc7 26. Nd5 Ra2+ 27. Kg1 Rf7 28. Nh4 Kg7 29. g4 Nf6 30. gxf5 g5 31. Nf3 Ne8 32. h3 Ra3 33. Rbd1 Rxf5 34. Rb1 Rf7 35. Nd2 Nd6 36. Rxf7+ Kxf7 37. Ne4 Nxe4 38. Rxb7+ Kg6 39. dxe4 Kh5 40. Rb6 Na5 41. c5 Nc4 42. Rf6 Nd2 43. c6 Ra1+ 44. Kg2 Nxe4 45. c7 Rc1 46. Rf8 Rc2+ 47. Kf1 1-0

[Event "EU-ch Seniors 10th"]
[Site "Thessaloniki"]
[Date "2010.04.17"]
[Round "8"]
[White "Arkhangelsky, Boris Nikolaevich"]
[Black "Grinberg, Iosif P"]
[Result "1-0"]
[WhiteElo "2261"]
[BlackElo "2268"]
[PlyCount "85"]
[EventDate "2010.04.10"]
[EventType "swiss"]
[EventRounds "9"]
[EventCountry "GRE"]
[SourceTitle "CBM 135 Extra"]
[Source "ChessBase"]
[SourceDate "2010.05.04"]
[SourceVersion "1"]
[SourceVersionDate "2010.05.04"]
[SourceQuality "1"]

1. d4 Nf6 2. c4 g6 3. Nc3 d5 4. cxd5 Nxd5 5. Bd2 Bg7 6. e4 Nb6 7. Be3 Nc6 8. Bb5 Bd7 9. Nf3 a6 10. Be2 0-0 11. h3 Na5 12. b3 c5 13. Rc1 cxd4 14. Bxd4 Bxd4 15. Qxd4 Nc6 16. Qe3 Nc8 17. 0-0 Nd6 18. Rfd1 Qa5 19. Rd2 Be6 20. Ng5 Rad8 21. Rcd1 Bc8 22. Nd5 Qa3 23. Qf4 f6 24. Nf3 Nf7 25. Qe3 Be6 26. Nf4 Rxd2 27. Rxd2 Bc8 28. Bc4 e5 29. Nd5 Kg7 30. Nb6 Qe7 31. Bd5 Nb4 32. Qc3 Nxd5 33. Nxd5 Qa3 34. Ne1 Be6 35. Nc7 Qe7 36. Qa5 Re8 37. Nxe8+ Qxe8 38. Qc7 Qb5 39. Nc2 Kh6 40. Qe7 Ng5 41. Qxf6 Qa5 42. b4 Qxa2 43. Qf8+ 1-0

[Event "EU-ch Seniors 10th"]
[Site "Thessaloniki"]
[Date "2010.04.14"]
[Round "5"]
[White "Sorensen, Bent"]
[Black "Arkhangelsky, Boris Nikolaevich"]
[Result "1/2-1/2"]
[WhiteElo "2222"]
[BlackElo "2261"]
[PlyCount "45"]
[EventDate "2010.04.10"]
[EventType "swiss"]
[EventRounds "9"]
[EventCountry "GRE"]
[SourceTitle "CBM 135 Extra"]
[Source "ChessBase"]
[SourceDate "2010.05.04"]
[SourceVersion "1"]
[SourceVersionDate "2010.05.04"]
[SourceQuality "1"]

1. Nf3 c5 2. c4 Nc6 3. d4 cxd4 4. Nxd4 g6 5. e4 Bg7 6. Be3 Nf6 7. Nc3 Ng4 8. Qxg4 Nxd4 9. Qd1 Ne6 10. Rc1 d6 11. Be2 0-0 12. 0-0 b6 13. Qd2 Re8 14. h4 Bb7 15. f3 Bf6 16. g3 Be5 17. Bf2 Rf8 18. Rfd1 Rc8 19. Bf1 Bc6 20. Bh3 Bd7 21. Nd5 Nc7 22. Bf1 Ne6 23. b3 1/2-1/2

[Event "New Delhi Parsvnath op 8th"]
[Site "New Delhi"]
[Date "2010.01.18"]
[Round "7"]
[White "Arkhangelsky, Boris Nikolaevich"]
[Black "Thejkumar, MS."]
[Result "1/2-1/2"]
[WhiteElo "2291"]
[BlackElo "2435"]
[PlyCount "122"]
[EventDate "2010.01.14"]
[EventType "swiss"]
[EventRounds "11"]
[EventCountry "IND"]
[SourceTitle "CBM 134 Extra"]
[Source "ChessBase"]
[SourceDate "2010.03.03"]
[SourceVersion "1"]
[SourceVersionDate "2010.03.03"]
[SourceQuality "1"]

1. d4 Nf6 2. Nf3 c5 3. c4 cxd4 4. Nxd4 e5 5. Nb5 d5 6. cxd5 Bc5 7. N5c3 0-0 8. e3 e4 9. Be2 Qe7 10. a3 Rd8 11. Qc2 Bf5 12. b4 Bd6 13. Bb2 a5 14. bxa5 Nbd7 15. Nb5 Ne5 16. Nxd6 Rxd6 17. Nc3 Rxa5 18. 0-0 Rc5 19. Qb3 Bg4 20. Qb4 Bxe2 21. Nxe2 b6 22. Ng3 Rcxd5 23. Nxe4 Nxe4 24. Qxe4 Ng6 25. Qxe7 Nxe7 26. Bc3 Nc6 27. Rfc1 f6 28. Kf1 Kf7 29. Ke2 b5 30. Rd1 Ke6 31. h3 Rxd1 32. Rxd1 Rxd1 33. Kxd1 Kd5 34. Kc2 Kc4 35. g4 Ne7 36. h4 Nd5 37. Bd2 g6 38. e4 Nb6 39. Bc3 Nd7 40. f3 h5 41. Bb2 b4 42. axb4 Kxb4 43. Kd3 Kc5 44. Ba3+ Kc6 45. Ke3 hxg4 46. fxg4 Ne5 47. Kf4 Kd7 48. h5 Ke6 49. Bf8 Kf7 50. Bd6 Nc4 51. Bc7 Nb2 52. Ke3 Kg7 53. Bf4 gxh5 54. gxh5 Nc4+ 55. Kf3 Na5 56. Kg4 Nc6 57. Be3 Kf7 58. Bc5 Kg7 59. Kf4 Kh6 60. Kf5 Kxh5 61. Kxf6 Kg4 1/2-1/2

[Event "Wch Seniors 19th"]
[Site "Condino"]
[Date "2009.11.07"]
[Round "11"]
[White "Arkhangelsky, Boris Nikolaevich"]
[Black "Zoltek, Tadeusz"]
[Result "1/2-1/2"]
[WhiteElo "2292"]
[BlackElo "2214"]
[PlyCount "52"]
[EventDate "2009.10.27"]
[EventType "swiss"]
[EventRounds "11"]
[EventCountry "ITA"]
[SourceTitle "EXT 2010"]
[Source "ChessBase"]
[SourceDate "2010.11.25"]
[SourceVersion "1"]
[SourceVersionDate "2010.11.25"]
[SourceQuality "1"]

1. d4 Nf6 2. Nf3 g6 3. c4 c5 4. Nc3 Bg7 5. e4 cxd4 6. Nxd4 d6 7. Be2 Nc6 8. Be3 Ng4 9. Bxg4 Bxg4 10. Qd2 Bd7 11. 0-0 0-0 12. Rac1 a6 13. Nde2 b5 14. c5 dxc5 15. Bxc5 Be6 16. Qe3 Bc4 17. Rfd1 Qb8 18. b3 Bxe2 19. Qxe2 Qb7 20. Nd5 Rfe8 21. Be3 e6 22. Nf4 Rad8 23. f3 h5 24. Qf2 Rxd1+ 25. Rxd1 Rd8 26. Rxd8+ Nxd8 1/2-1/2

[Event "Wch Seniors 19th"]
[Site "Condino"]
[Date "2009.10.28"]
[Round "2"]
[White "Taksrud, Vidar"]
[Black "Arkhangelsky, Boris Nikolaevich"]
[Result "0-1"]
[WhiteElo "2111"]
[BlackElo "2292"]
[PlyCount "102"]
[EventDate "2009.10.27"]
[EventType "swiss"]
[EventRounds "11"]
[EventCountry "ITA"]
[SourceTitle "EXT 2010"]
[Source "ChessBase"]
[SourceDate "2010.11.25"]
[SourceVersion "1"]
[SourceVersionDate "2010.11.25"]
[SourceQuality "1"]

1. d4 c5 2. Nf3 cxd4 3. Nxd4 d5 4. e3 Nf6 5. Nc3 e5 6. Nf3 e4 7. Bb5+ Nc6 8. Nd4 Bd7 9. 0-0 a6 10. Nxc6 bxc6 11. Be2 Bd6 12. b3 h5 13. g3 Bh3 14. Re1 Ng4 15. Bb2 Be5 16. Qd2 h4 17. Na4 Bxb2 18. Nxb2 Nxf2 19. Qd4 Qg5 20. Kxf2 hxg3+ 21. hxg3 Qf5+ 22. Kg1 Rh6 23. Rf1 Qg5 24. Kf2 Rf6+ 25. Ke1 Bxf1 26. Bxf1 Qxg3+ 27. Kd2 Rf2+ 28. Kc3 Rf3 29. Be2 Rf5 30. Rh1 Ke7 31. Na4 Qe5 32. Rg1 g6 33. Qxe5+ Rxe5 34. Kd4 Rf5 35. Rg2 a5 36. Kc5 Rf6 37. Bg4 Rh8 38. c4 dxc4 39. Kxc4 Rd6 40. Be2 Rh3 41. Kc5 Rd2 42. Nc3 Rxe3 43. Kc4 f5 44. a4 Rc2 45. Kd4 Rexc3 46. Rxg6 Rxb3 47. Bh5 e3 48. Ke5 e2 49. Re6+ Kd7 50. Kf6 f4 51. Bxe2 Re3 0-1

[Event "EU-ch Seniors 09th"]
[Site "Rogaska Slatina"]
[Date "2009.07.29"]
[Round "8"]
[White "Arkhangelsky, Boris Nikolaevich"]
[Black "Bondick, Karl Heinz"]
[Result "1-0"]
[WhiteElo "2300"]
[BlackElo "2172"]
[PlyCount "61"]
[EventDate "2009.07.22"]
[EventType "swiss"]
[EventRounds "9"]
[EventCountry "SLO"]
[SourceTitle "CBM 131 Extra"]
[Source "ChessBase"]
[SourceDate "2009.09.03"]
[SourceVersion "2"]
[SourceVersionDate "2009.09.16"]
[SourceQuality "1"]

1. c4 e5 2. Nc3 Nf6 3. Nf3 Nc6 4. e3 d6 5. Be2 g6 6. 0-0 Bg7 7. d4 0-0 8. d5 Ne7 9. e4 Ne8 10. b4 a5 11. bxa5 Rxa5 12. Nd2 f5 13. Nb3 Ra8 14. f3 Nf6 15. a4 Bd7 16. c5 Nc8 17. a5 dxc5 18. Nxc5 Nd6 19. Be3 Qe7 20. Qc2 c6 21. Nxd7 Qxd7 22. Rfd1 cxd5 23. Nxd5 Nxd5 24. Rxd5 Qc8 25. Qxc8 Nxc8 26. Bc5 b6 27. Bxf8 Bxf8 28. Bc4 Kg7 29. Rd7+ Kh6 30. a6 Ra7 31. Rb7 1-0

[Event "EU-ch Seniors 09th"]
[Site "Rogaska Slatina"]
[Date "2009.07.28"]
[Round "7"]
[White "Zoltek, Tadeusz"]
[Black "Arkhangelsky, Boris Nikolaevich"]
[Result "1/2-1/2"]
[WhiteElo "2194"]
[BlackElo "2300"]
[PlyCount "35"]
[EventDate "2009.07.22"]
[EventType "swiss"]
[EventRounds "9"]
[EventCountry "SLO"]
[SourceTitle "CBM 131 Extra"]
[Source "ChessBase"]
[SourceDate "2009.09.03"]
[SourceVersion "2"]
[SourceVersionDate "2009.09.16"]
[SourceQuality "1"]

1. Nf3 d5 2. d4 Nf6 3. c4 e6 4. Nc3 dxc4 5. e3 a6 6. a4 c5 7. Bxc4 cxd4 8. exd4 Be7 9. 0-0 Nc6 10. Re1 Nb4 11. Qe2 0-0 12. Bg5 Bd7 13. Ne5 Re8 14. Rad1 Qc7 15. Bb3 Rad8 16. Qf3 Bc6 17. Qf4 Bd5 18. Nxd5 1/2-1/2

[Event "EU-ch Seniors 09th"]
[Site "Rogaska Slatina"]
[Date "2009.07.26"]
[Round "5"]
[White "Muratoglu, Salih"]
[Black "Arkhangelsky, Boris Nikolaevich"]
[Result "0-1"]
[WhiteElo "2114"]
[BlackElo "2300"]
[PlyCount "108"]
[EventDate "2009.07.22"]
[EventType "swiss"]
[EventRounds "9"]
[EventCountry "SLO"]
[SourceTitle "CBM 131 Extra"]
[Source "ChessBase"]
[SourceDate "2009.09.03"]
[SourceVersion "2"]
[SourceVersionDate "2009.09.16"]
[SourceQuality "1"]

1. e4 c5 2. Nf3 Nc6 3. d4 cxd4 4. Nxd4 Nf6 5. Nc3 d6 6. Bg5 e6 7. Qd2 a6 8. f4 Bd7 9. Be2 Be7 10. 0-0-0 Rc8 11. Kb1 Nxd4 12. Qxd4 Bc6 13. Bf3 Qc7 14. Rhe1 e5 15. fxe5 dxe5 16. Qf2 0-0 17. Qg3 Kh8 18. Bxf6 Bxf6 19. Bg4 Rcd8 20. Nd5 Bxd5 21. exd5 Qc5 22. Qd3 Rd6 23. a3 g6 24. b4 Qc7 25. c4 b6 26. Rc1 Rb8 27. Bf3 a5 28. Re2 axb4 29. axb4 Rdd8 30. g4 Qd6 31. Qb3 Rdc8 32. Be4 Be7 33. Rb2 Rc7 34. Qe3 Qd8 35. Qd3 Qf8 36. Qc3 Bd6 37. Rf2 Qe7 38. Rb2 Kg8 39. Kc2 Rbc8 40. Kb3 Ra7 41. Bb1 Qd7 42. Ra2 Rxa2 43. Bxa2 Qxg4 44. Qe3 Rb8 45. Kc3 Qd7 46. Kc2 Qe7 47. Kb2 Kg7 48. Bb1 f5 49. Kc2 e4 50. Qd2 Qe5 51. Ba2 Qe7 52. Kb3 Kg8 53. Ra1 e3 54. Qe2 Bxb4 0-1

[Event "New Delhi Parsvnath op 7th"]
[Site "New Delhi"]
[Date "2009.01.18"]
[Round "9"]
[White "Arkhangelsky, Boris Nikolaevich"]
[Black "Panchanathan, Magesh Chandran"]
[Result "1-0"]
[WhiteElo "2315"]
[BlackElo "2490"]
[PlyCount "125"]
[EventDate "2009.01.11"]
[EventType "swiss"]
[EventRounds "10"]
[EventCountry "IND"]
[SourceTitle "CBM 128 Extra"]
[Source "ChessBase"]
[SourceDate "2009.03.05"]
[SourceVersion "2"]
[SourceVersionDate "2009.03.25"]
[SourceQuality "1"]

1. d4 Nf6 2. Nf3 e6 3. c4 b6 4. a3 Ba6 5. Qb3 d5 6. cxd5 exd5 7. Nc3 Be7 8. g3 0-0 9. Bg2 c5 10. 0-0 Nc6 11. Qa4 Bb7 12. Bf4 Ne4 13. dxc5 Nxc5 14. Qc2 d4 15. Rad1 Rc8 16. Be3 Bf6 17. Qb1 Ne6 18. Bh3 Rc7 19. Ne4 Rd7 20. Bxe6 fxe6 21. Neg5 Bxg5 22. Nxg5 Rf5 23. Nxe6 Qf6 24. Nxd4 Rfd5 25. Nb5 Ne5 26. Rxd5 Rxd5 27. Nc3 Rd7 28. f3 Nc4 29. Qa2 Qe6 30. Bf4 b5 31. Qb3 a6 32. a4 bxa4 33. Nxa4 Qxe2 34. Nc5 Bxf3 35. Qxf3 Qxf3 36. Rxf3 Rd1+ 37. Rf1 Rd5 38. Nxa6 Nxb2 39. Nc7 Rd7 40. Ne6 Nd3 41. Be3 h6 42. Nc5 Re7 43. Nxd3 Rxe3 44. Nf4 Kh7 45. Ra1 Re7 46. Kg2 Rb7 47. Ra2 Rc7 48. h4 Rd7 49. h5 Rb7 50. Kf3 Rb3+ 51. Kg4 Rb5 52. Ra7 Rg5+ 53. Kf3 Re5 54. Rd7 Kg8 55. Rd5 Re8 56. Kg4 Kh7 57. Rd7 Re5 58. Nd5 Rg5+ 59. Kh4 Rf5 60. Nf4 Re5 61. Rf7 Kg8 62. Rf8+ Kh7 63. Rh8+ 1-0

[Event "New Delhi Parsvnath op 7th"]
[Site "New Delhi"]
[Date "2009.01.17"]
[Round "8"]
[White "Arkhangelsky, Boris Nikolaevich"]
[Black "Preethi, Rajkumar"]
[Result "1-0"]
[WhiteElo "2315"]
[BlackElo "2140"]
[PlyCount "129"]
[EventDate "2009.01.11"]
[EventType "swiss"]
[EventRounds "10"]
[EventCountry "IND"]
[SourceTitle "CBM 128 Extra"]
[Source "ChessBase"]
[SourceDate "2009.03.05"]
[SourceVersion "2"]
[SourceVersionDate "2009.03.25"]
[SourceQuality "1"]

1. e4 c5 2. Nf3 Nc6 3. d4 cxd4 4. Nxd4 Nf6 5. Nc3 e5 6. Ndb5 d6 7. Bg5 a6 8. Na3 b5 9. Nd5 Be7 10. Bxf6 Bxf6 11. c4 b4 12. Nc2 Rb8 13. b3 Bg5 14. Be2 0-0 15. 0-0 f5 16. f3 Be6 17. exf5 Bxf5 18. Bd3 Qd7 19. Kh1 a5 20. Qe2 Kh8 21. Rad1 Rbd8 22. Be4 Bxe4 23. Qxe4 Qf5 24. Qe2 Qf7 25. g3 Qb7 26. Qe4 Rd7 27. Qg4 Bf6 28. Qe6 Nd8 29. Qg4 Nc6 30. Kg2 Rdd8 31. Rfe1 Qa7 32. Re2 g6 33. h4 Bg7 34. h5 gxh5 35. Qxh5 Qf7 36. Qg4 Rg8 37. Rh1 Bh6 38. Qe4 Rg6 39. Nde3 Bxe3 40. Rxe3 Ne7 41. g4 Rg7 42. Ree1 Ng6 43. Ne3 Nf4+ 44. Kf2 Qa7 45. Kg3 Rdg8 46. Rh6 Rg6 47. Reh1 Rxh6 48. Rxh6 Rg6 49. Rh1 Kg8 50. Nf5 Kh8 51. Nxd6 Qe7 52. Qxe5+ Qxe5 53. Nf7+ Kg7 54. Nxe5 Rf6 55. Rd1 Ne2+ 56. Kf2 Nc3 57. Rd7+ Kg8 58. Ra7 Nxa2 59. c5 Nc3 60. c6 a4 61. c7 Rf8 62. bxa4 b3 63. Nc4 Rc8 64. Rb7 Kg7 65. Nd6 1-0

[Event "New Delhi Parsvnath op 7th"]
[Site "New Delhi"]
[Date "2009.01.16"]
[Round "7"]
[White "Deepthamsh, Reddy M"]
[Black "Arkhangelsky, Boris Nikolaevich"]
[Result "1/2-1/2"]
[WhiteElo "2110"]
[BlackElo "2315"]
[PlyCount "86"]
[EventDate "2009.01.11"]
[EventType "swiss"]
[EventRounds "10"]
[EventCountry "IND"]
[SourceTitle "CBM 128 Extra"]
[Source "ChessBase"]
[SourceDate "2009.03.05"]
[SourceVersion "2"]
[SourceVersionDate "2009.03.25"]
[SourceQuality "1"]

1. d4 d5 2. c4 e6 3. Nf3 c6 4. Bg5 Nf6 5. e3 Nbd7 6. Nc3 Qa5 7. Nd2 Bb4 8. Qc2 b6 9. a3 Bxc3 10. Qxc3 Qxc3 11. bxc3 0-0 12. Bd3 Ba6 13. Ke2 dxc4 14. Nxc4 Bxc4 15. Bxc4 Ne4 16. Bf4 b5 17. Bb3 Nxc3+ 18. Kd3 Nd5 19. Bd6 Rfc8 20. a4 a5 21. e4 N5b6 22. Rhc1 Nxa4 23. Bxa4 bxa4 24. Rxa4 Nb6 25. Ra3 f5 26. f3 Ra6 27. exf5 exf5 28. Rca1 a4 29. Bc5 Nd5 30. Rxa4 Rxa4 31. Rxa4 Nf4+ 32. Kd2 Nxg2 33. Bd6 g5 34. Ra7 Nh4 35. Ke3 Ng6 36. f4 Re8+ 37. Be5 gxf4+ 38. Kf3 Nxe5+ 39. dxe5 Rxe5 40. Kxf4 c5 41. Rc7 Re6 42. Kg5 Re7 43. Rxc5 f4 1/2-1/2

[Event "New Delhi Parsvnath op 7th"]
[Site "New Delhi"]
[Date "2009.01.13"]
[Round "4"]
[White "Arkhangelsky, Boris Nikolaevich"]
[Black "Negi, Digvijay Singh"]
[Result "1/2-1/2"]
[WhiteElo "2315"]
[BlackElo "2076"]
[PlyCount "38"]
[EventDate "2009.01.11"]
[EventType "swiss"]
[EventRounds "10"]
[EventCountry "IND"]
[SourceTitle "CBM 128 Extra"]
[Source "ChessBase"]
[SourceDate "2009.03.05"]
[SourceVersion "2"]
[SourceVersionDate "2009.03.25"]
[SourceQuality "1"]

1. d4 Nf6 2. Nf3 g6 3. c4 Bg7 4. Nc3 d5 5. Bf4 0-0 6. Rc1 c6 7. e3 Qb6 8. Qd2 Ne4 9. Nxe4 dxe4 10. c5 Qd8 11. Ne5 Be6 12. Bc4 Bxc4 13. Nxc4 Nd7 14. Qc2 e5 15. Nxe5 Nxe5 16. Bxe5 Bxe5 17. dxe5 Qa5+ 18. Qc3 Qxa2 19. 0-0 Qe6 1/2-1/2

[Event "EU-ch Seniors 08th"]
[Site "Davos"]
[Date "2008.08.17"]
[Round "9"]
[White "Karl, Hans"]
[Black "Arkhangelsky, Boris Nikolaevich"]
[Result "1/2-1/2"]
[WhiteElo "2246"]
[BlackElo "2340"]
[PlyCount "77"]
[EventDate "2008.08.09"]
[EventType "swiss"]
[EventRounds "9"]
[EventCountry "SUI"]
[SourceTitle "CBM 126 Extra"]
[Source "ChessBase"]
[SourceDate "2008.11.05"]
[SourceVersion "1"]
[SourceVersionDate "2008.11.05"]
[SourceQuality "1"]

1. d4 d5 2. c4 c6 3. Nc3 dxc4 4. a4 e5 5. dxe5 Qxd1+ 6. Nxd1 Be6 7. e4 Nd7 8. Nf3 Bb4+ 9. Nc3 Nc5 10. Nd2 Ne7 11. Bxc4 Bxc4 12. Nxc4 Nxe4 13. Bd2 Nxd2 14. Kxd2 Nf5 15. Rhd1 Nd4 16. Kd3 Nb3 17. Rab1 0-0 18. Ne4 b5 19. axb5 cxb5 20. Ncd6 a6 21. f4 Ra7 22. Kc2 Nc5 23. Rbc1 Nxe4 24. Nxe4 f6 25. Rd4 a5 26. e6 f5 27. Ng5 h6 28. Nf3 Re7 29. Rd5 Rxe6 30. Nd4 Re4 31. g3 Rc8+ 32. Kb1 Rxc1+ 33. Kxc1 g6 34. Nc2 Bf8 35. Rxb5 a4 36. Kd2 h5 37. Kd3 Bg7 38. b3 axb3 39. Rxb3 1/2-1/2

[Event "EU-ch Seniors 08th"]
[Site "Davos"]
[Date "2008.08.11"]
[Round "3"]
[White "Frumson, Yury"]
[Black "Arkhangelsky, Boris Nikolaevich"]
[Result "0-1"]
[WhiteElo "2235"]
[BlackElo "2340"]
[PlyCount "58"]
[EventDate "2008.08.09"]
[EventType "swiss"]
[EventRounds "9"]
[EventCountry "SUI"]
[SourceTitle "CBM 126 Extra"]
[Source "ChessBase"]
[SourceDate "2008.11.05"]
[SourceVersion "1"]
[SourceVersionDate "2008.11.05"]
[SourceQuality "1"]

1. Nf3 d5 2. c4 d4 3. b4 f6 4. e3 c5 5. bxc5 e5 6. Qc2 Nc6 7. Bd3 Bxc5 8. Ba3 Qd6 9. Bxc5 Qxc5 10. exd4 exd4 11. 0-0 Nge7 12. Re1 Bg4 13. Be4 0-0-0 14. d3 f5 15. Bxc6 Nxc6 16. Nbd2 Rhe8 17. Rab1 Re7 18. h3 Bh5 19. Rxe7 Qxe7 20. Kf1 g5 21. Qb2 Rd7 22. Qb5 a6 23. Qb6 g4 24. hxg4 fxg4 25. Ne1 g3 26. Ne4 gxf2 27. Kxf2 Bg6 28. Nf3 Bxe4 29. Re1 Nb4 0-1

[Event "Politiken Cup 30th"]
[Site "Helsingor"]
[Date "2008.07.25"]
[Round "8"]
[White "Arkhangelsky, Boris Nikolaevich"]
[Black "Nielsen, Torkil"]
[Result "1-0"]
[WhiteElo "2340"]
[BlackElo "2118"]
[PlyCount "61"]
[EventDate "2008.07.19"]
[EventType "swiss"]
[EventRounds "10"]
[EventCountry "DEN"]
[SourceTitle "CBM 125 Extra"]
[Source "ChessBase"]
[SourceDate "2008.09.01"]
[SourceVersion "1"]
[SourceVersionDate "2008.09.01"]
[SourceQuality "1"]

1. d4 f5 2. g3 Nf6 3. Bg2 e6 4. c4 Be7 5. Nf3 d6 6. 0-0 0-0 7. Nc3 Qe8 8. Re1 Qg6 9. e4 fxe4 10. Nxe4 Nxe4 11. Rxe4 Nc6 12. Re3 Bf6 13. b3 Nb4 14. Ne1 e5 15. Bb2 Bg4 16. Qd2 exd4 17. Bxd4 Rae8 18. Bxb7 Rxe3 19. Qxe3 Re8 20. Qc3 Nxa2 21. Qd2 Re2 22. Qf4 Nc3 23. Bxf6 gxf6 24. Ng2 Rb2 25. Qe3 Rb1+ 26. Rxb1 Qxb1+ 27. Ne1 Qxb3 28. Bd5+ Kg7 29. Qe7+ Kg6 30. Bf7+ Kg5 31. h4+ 1-0

[Event "Politiken Cup 30th"]
[Site "Helsingor"]
[Date "2008.07.22"]
[Round "5"]
[White "Christiansen, Erling"]
[Black "Arkhangelsky, Boris Nikolaevich"]
[Result "0-1"]
[WhiteElo "2008"]
[BlackElo "2340"]
[PlyCount "88"]
[EventDate "2008.07.19"]
[EventType "swiss"]
[EventRounds "10"]
[EventCountry "DEN"]
[SourceTitle "CBM 125 Extra"]
[Source "ChessBase"]
[SourceDate "2008.09.01"]
[SourceVersion "1"]
[SourceVersionDate "2008.09.01"]
[SourceQuality "1"]

1. e4 c5 2. Nc3 Nc6 3. g3 g6 4. Bg2 Bg7 5. Nge2 d6 6. d3 Nd4 7. 0-0 Bg4 8. f3 Bd7 9. Be3 Rb8 10. Rb1 e6 11. Qd2 Ne7 12. f4 0-0 13. a3 a5 14. g4 f5 15. gxf5 exf5 16. Ng3 a4 17. Nce2 b5 18. c3 Nb3 19. Qc2 Rc8 20. Nc1 Be6 21. exf5 Nxf5 22. Nxf5 gxf5 23. Bf3 Kh8 24. Kh1 Nd4 25. Bxd4 cxd4 26. Ne2 Qc7 27. Rbc1 dxc3 28. bxc3 Qc5 29. Qb2 Bd5 30. d4 Qc6 31. Ng1 Bxf3+ 32. Nxf3 Rg8 33. Qd2 Qd5 34. Rg1 Bh6 35. Qd3 Rge8 36. Rce1 Re4 37. h3 Rxf4 38. Rg3 Re4 39. Rf1 Re3 40. Qd1 Rce8 41. Kg1 Rxc3 42. Rg2 Qe4 43. Kh2 Rc1 44. Ng5 Bxg5 0-1

[Event "Politiken Cup 30th"]
[Site "Helsingor"]
[Date "2008.07.20"]
[Round "2"]
[White "Arkhangelsky, Boris Nikolaevich"]
[Black "Storgaard, Morten Swayne"]
[Result "1-0"]
[WhiteElo "2340"]
[BlackElo "2081"]
[PlyCount "57"]
[EventDate "2008.07.19"]
[EventType "swiss"]
[EventRounds "10"]
[EventCountry "DEN"]
[SourceTitle "CBM 125 Extra"]
[Source "ChessBase"]
[SourceDate "2008.09.01"]
[SourceVersion "1"]
[SourceVersionDate "2008.09.01"]
[SourceQuality "1"]

1. Nf3 d5 2. d4 e6 3. c4 Nf6 4. Nc3 Be7 5. Bf4 c6 6. Qc2 Nbd7 7. e3 0-0 8. h3 Re8 9. Bd3 dxc4 10. Bxc4 b5 11. Bd3 Bb7 12. 0-0 a6 13. Ne4 Nxe4 14. Bxe4 Nf6 15. Bd3 Qb6 16. e4 h6 17. Be3 Qa5 18. a3 Rac8 19. b4 Qc7 20. Rab1 Nd7 21. Rfc1 Qb8 22. Qe2 Bd6 23. e5 Be7 24. Nd2 Nf8 25. Qg4 Kh8 26. Ne4 Nh7 27. Qh5 Rf8 28. Bxh6 g6 29. Qf3 1-0

[Event "Politiken Cup 30th"]
[Site "Helsingor"]
[Date "2008.07.20"]
[Round "3"]
[White "Mchedlishvili, Mikheil"]
[Black "Arkhangelsky, Boris Nikolaevich"]
[Result "1-0"]
[WhiteElo "2604"]
[BlackElo "2340"]
[PlyCount "93"]
[EventDate "2008.07.19"]
[EventType "swiss"]
[EventRounds "10"]
[EventCountry "DEN"]
[SourceTitle "CBM 125 Extra"]
[Source "ChessBase"]
[SourceDate "2008.09.01"]
[SourceVersion "1"]
[SourceVersionDate "2008.09.01"]
[SourceQuality "1"]

1. d4 d5 2. c4 e6 3. Nf3 Nf6 4. g3 Be7 5. Bg2 0-0 6. 0-0 dxc4 7. Qc2 a6 8. Qxc4 b5 9. Qc2 Bb7 10. Bd2 Be4 11. Qc1 Bd6 12. Bg5 Bb7 13. Nbd2 Nbd7 14. Nb3 h6 15. Bxf6 Nxf6 16. Rd1 a5 17. Nc5 Bxc5 18. Qxc5 Qd5 19. Qxc7 Rac8 20. Qxa5 Ne4 21. Ne1 f5 22. Nd3 Qxd4 23. Qxb5 Bd5 24. Qb4 Qa7 25. Rdc1 Rb8 26. Qe1 Rfc8 27. a3 Qd4 28. Rxc8+ Rxc8 29. Rc1 Rb8 30. Rc7 Bc4 31. Bf1 Bd5 32. Qc1 Kh7 33. Qf4 Rb3 34. e3 Qf6 35. h4 Nd2 36. Be2 Rxd3 37. Bxd3 Nf3+ 38. Kf1 Nh2+ 39. Ke1 Nf3+ 40. Kf1 Nh2+ 41. Ke1 Nf3+ 42. Kd1 Ne5 43. Bc2 Ng6 44. Qd4 Bf3+ 45. Kc1 e5 46. Qd7 e4 47. Qd4 1-0

[Event "EU-chT Seniors 10th"]
[Site "Dresden"]
[Date "2008.02.12"]
[Round "2.4"]
[White "Bondick, Karl Heinz"]
[Black "Arkhangelsky, Boris Nikolaevich"]
[Result "1-0"]
[WhiteElo "2168"]
[BlackElo "2358"]
[PlyCount "71"]
[EventDate "2008.02.11"]
[EventType "team-swiss"]
[EventRounds "9"]
[EventCountry "GER"]
[SourceTitle "CBM 122 Extra"]
[Source "ChessBase"]
[SourceDate "2008.03.04"]
[SourceVersion "1"]
[SourceVersionDate "2008.03.04"]
[SourceQuality "1"]
[WhiteTeam "Sachsen Anhalt"]
[BlackTeam "Moscow"]
[WhiteTeamCountry "GER"]
[BlackTeamCountry "RUS"]

1. d4 Nf6 2. f3 d5 3. e4 dxe4 4. Nc3 exf3 5. Nxf3 Bg4 6. h3 Bxf3 7. Qxf3 c6 8. Be3 e6 9. Bd3 Nbd7 10. 0-0 Be7 11. Rf2 0-0 12. Raf1 c5 13. Ne4 cxd4 14. Bxd4 e5 15. Nxf6+ Bxf6 16. Qe4 g6 17. Rxf6 exd4 18. Rxf7 Nf6 19. Qe6 Rxf7 20. Bc4 Kh8 21. Qxf7 Ne4 22. Bd5 Nc5 23. b4 Nd7 24. Re1 Nf6 25. Re7 Qf8 26. Rxb7 Qxf7 27. Bxf7 g5 28. b5 h5 29. a4 h4 30. a5 Rc8 31. Bg6 Ra8 32. Kf2 Nd5 33. Kf3 Rf8+ 34. Ke4 Nf4 35. Rxa7 Nxg6 36. b6 1-0